000 00580nam a2200229Ia 4500
003 OSt
005 20221005120051.0
006 a|||||r|||| 00| 0
007 ta
008 221004b |||||||| |||| 00| 0 mal d
024 _a55745
037 _cTextual
040 _aCRL
_cCRL
_bmal
041 _2mal
_amal
082 _aO32,1NGN,1, J5
100 _aKutty Govindan
_9628498
245 0 _aDasa pushpangal
300 _a40
_ccm.
650 _aMALAYALAM POETRY
_9185636
942 _hO32,1NGN,1, J5
_cTEXL
_2cc
999 _c1036793
_d1036793